All EFL Championship Winners (2004-2025) - Statistics

General Stats
  • This quiz has been taken 19 times
  • The average score is 14 of 21
Answer Stats
Season Colour Of Home Kit Answer % Correct
2024-25 White Leeds United
94%
2022-23 Maroon/Purple Burnley
88%
2019-20 White Leeds United
88%
2023-24 Blue Leicester City
88%
2015-16 Maroon/Purple Burnley
81%
2009-10 Black And White Newcastle United
81%
2018-19 Yellow Norwich City
81%
2020-21 Yellow Norwich City
81%
2021-22 White Fulham
75%
2016-17 Black And White Newcastle United
75%
2004-05 Red And White Sunderland
75%
2017-18 Yellow/Orange Wolverhampton Wanderers
75%
2008-09 Yellow/Orange Wolverhampton Wanderers
69%
2010-11 Blue And White Queens Park Rangers
56%
2006-07 Red And White Sunderland
50%
2013-14 Blue Leicester City
44%
2011-12 Blue and White Reading
44%
2012-13 Blue Cardiff City
38%
2005-06 Blue And White Reading
38%
2007-08 Dark Blue And White West Bromwich Albion
38%
2014-15 Black And Red AFC Bournemouth
13%
No matching quizzes found
Score Distribution
Percent of People with Each Score
Percentile by Number Answered
Your Score History
You have not taken this quiz